Visualizzazione normale
Vista MARC
- Amici Alvaro
di Personal Name
Records bibliografici associati: 1
001 - CONTROL NUMBER
- control field: 13203
003 - CONTROL NUMBER IDENTIFIER
- control field: IT-RoPau
005 - DATE AND TIME OF LATEST TRANSACTION
- control field: 20140212215901.0
008 - FIXED-LENGTH DATA ELEMENTS
- fixed length control field: 140212|| aca||aabn | a|a d
040 ## - CATALOGING SOURCE
- Original cataloging agency: IT-RoPau
- Transcribing agency: IT-RoPau
100 ## - HEADING--PERSONAL NAME
- Personal name: Amici Alvaro
- Miscellaneous information: Codice interprete SPICS: 7854
- Relator term: Interprete
670 ## - SOURCE DATA FOUND
- Source citation: Work cat.: (IT-RoPau)99696: AA.VV. 794, Una gita a li castelli